00334nam a22001097a 4500008004100000020001500041082001800056245008800074260004700162300000800209440000700217230623b xxu||||| |||| 00| 0 eng d a996690025X a330bMUS 1995 aTanzania's Trade With PTA Countries: A Special Emphasis on Non-Traditional Products bAfrican Economic Research Consortiumc1995 a68p n31